00674nam a2200217 u 45000010006000000050017000060080041000230350010000640350021000740400013000950410008001080820008001161000041001242450045001652600034002103000018002446500037002629420009002999990017003089520131003258492020260428111136.0960313s1920 spa  a84920 a(OCoLC)778225949 ccomduadb aspa 4a17210aBustillo, Pablo J.4auteaut952799810aLos tres ideales : patria-justicia moral aBarcelona :bTaberner,c1920. a194 páginas 7aÉtica política2embne928363 cBOOK c13209d13209 001040708PAT. DOCUMaBCbBCd1998-05-15iC134052l0o172.2 B982tp61000002772701r2023-04-20 00:00:00t1w2023-04-20yBOOKI